000 00298nam a22001217a 4500
008 180512b xxu||||| |||| 00| 0 eng d
041 _aeng
080 _a043.3
100 _a0
101 _aSHKI-BA
245 _aRrjetat Kompjuterike dhe Ndikimi ne Zhvillimet Shoqerore
_cMaka, A
942 _2udc
_cBK
999 _c45727
_d45727